Statistics for Can You Name All Fortnite's Crossover Skins

Click here to take the quiz!

General Stats

  • This quiz has been taken 21 times
    (20 since last reset)
  • The average score is 44 of 150

Answer Stats

BrandCrossover Skin% Correct
MarvelTom Holland/Spiderman
85%
The Walking DeadRick Grimes
77%
Rick & MortyRick Sanchez
77%
MarvelThor
77%
DCBatman
69%
Rick & MortyMorty/Mecha Morty
69%
MarvelTony Stark/Iron Man
69%
MarvelDeadpool
62%
John WickJohn Wick
62%
MarvelStorm
62%
MarvelThanos
62%
MarvelBlack Widow
54%
DCClark Kent/Superman
54%
Star WarsImperial Stormtrooper
54%
MarvelJennifer Walters/She Hulk
54%
NarutoNaruto Uzumaki
54%
MarvelAnt Man
46%
MarvelCaptain America
46%
Street FighterChun-Li
46%
MarvelDoctor Strange
46%
MarvelMystique
46%
IconNinja
46%
MarvelWolverine
46%
Horizon Zero DawnAloy
38%
DCAquaman
38%
IconBruno Mars
38%
MarvelCarnage
38%
MarvelDaredevil
38%
MarvelEddie Brock/Venom
38%
MarvelGamora
38%
MarvelGroot
38%
DCHarley Quinn
38%
Star WarsKylo Ren
38%
IconLachlan
38%
Tomb RaiderLara Croft
38%
IconLebron James
38%
MarvelLoki
38%
MarvelMary Jane Watson/MJ
38%
HaloMaster Chief
38%
The Walking DeadMichonne
38%
Bad BoysMike Lowrey/Will Smith
38%
Street FighterRyu
38%
MarvelSilver Surfer
38%
MarvelStar Lord
38%
DCWonder Woman
38%
AlienXenomorph
38%
IconAli-A
31%
IconAriana Grande
31%
MarvelBlade
31%
MarvelCable
31%
Street FighterCammy
31%
MarvelCaptain Marvel
31%
MarvelDark Phoenix
31%
Stranger ThingsDemogorgon
31%
MarvelDoctor Doom
31%
Star WarsFinn
31%
DCGreen Arrow
31%
IconHarry Kane
31%
JankyJanky
31%
IconLoserfruit
31%
IconMarco Reus
31%
IconMarshmello
31%
IconNeymar Jr.
31%
Star WarsObi-Wan Kenobi
31%
MarvelProwler
31%
Star WarsRey
31%
Star WarsSith Trooper
31%
John WickSofia
31%
TerminatorT-800/Arnold Schwarzenegger
31%
IconTheGrefg
31%
IconAnderson Paak
23%
DCBeast Boy
23%
DCBlack Manta
23%
MarvelBlack Panther
23%
Star WarsBoba Fett
23%
IconBugha
23%
DCCatwoman
23%
IconChica
23%
Stranger ThingsChief Hopper
23%
UnchartedChloe Frazer
23%
Resident EvilChris Redfield
23%
MarvelClint Barton/Hawkeye
23%
The Walking DeadDaryl Dixon
23%
DCDeathstroke
23%
MarvelDomino
23%
Free GuyDude
23%
AlienEllen Ripley
23%
Universal MonstersFrankenstein’s Monster
23%
MarvelGambit
23%
MarvelGhost Rider
23%
MarvelGreen Goblin
23%
Street FighterGuile
23%
Resident EvilxJill Valentine
23%
League Of LegendsJinx
23%
NarutoKakashi Hatake
23%
MarvelKate Bishop
23%
OathbreakerKratos
23%
UnchartedNathan Drake/Tom Holland
23%
MarvelNick Furry
23%
DCPoison Ivy
23%
Jungle HunterPredator
23%
MarvelPsylocke
23%
DCRaven
23%
MarvelRogue
23%
Street FighterSakura
23%
NarutoSakura Haruno
23%
TerminatorSarah Connor
23%
NarutoSasuke Uchiha
23%
MarvelTask Master
23%
DCThe Flash
23%
DCThe Joker
23%
Star WarsThe Mandalorian/Baby Yoda
23%
IconTravis Scott
23%
League Of LegendsVi
23%
Star WarsZorii Bliss
23%
Street FighterBlanka
15%
DCBloodsport
15%
DuneChani/Zendeya
15%
Star WarsFennec Shand
15%
ClothesJordan/Air Jordan
15%
Delta OneKait Diaz
15%
IconLazerbeam
15%
IconMajor Lazer
15%
Delta OneMarcus Fenix
15%
MarvelMoon Knight
15%
IconNaomi Osaka
15%
OthersNBA
15%
OthersNFL
15%
DunePaul Atreides
15%
Battle BreakersRazor
15%
Omni Consumer ProductsRobocop
15%
MarvelScarlet Witch
15%
MarvelShang-Chi
15%
Universal MonstersThe Mummy
15%
ClothesBalenciaga
8%
IconCloe Kim
8%
OthersCobra Kai
8%
Tales from the AnimusEivor Varinsdottir
8%
OthersEl Chapulin Colorado
8%
OthersEnd Of Line/Tron
8%
Tales from the AnimusEzio Auditore
8%
OthersFerrari
8%
OthersGhostbusters
8%
IconJ Balvin
8%
Star WarsKrrsantan
8%
Battle BreakersKurohomura
8%
ClothesMoncler
8%
MayhemPsycho Bandit
8%
Arashikage ClanSnake Eyes
8%
ClothesWutang
8%

Score Distribution

Percentile by Number Answered

Percent of People with Each Score

Your Score History

You have not taken this quiz since the last reset